000 00674nam a2200205Ia 4500
001 10431
003 GE_BSU
008 181216s||||||||xx |||||||||||||| ||und||
040 _cGE_BSU
100 _aუიარაღო (კონდრატე თათარაშვილი)
245 _aმამელუკი
245 _bმოთხრობა
245 _cრედ:გ.ხორნაული;მხატვ:ნ.მალაზონია.
260 _aთბილისი
260 _bნაკადული
260 _c1966
300 _a112გვ;20სმ.
653 _aმამელუკი:მოთხრობა
942 _cBK
999 _c43691
_d43691